Rozpoznaj tor F1 po jego fragmencie - Statystyki

Ogólne statystyki
  • Ten quiz został rozwiązany 160 razy
    155 od ostatniego zresetowania
  • Średni wynik to 10 z 16
Statystyki odpowiedzi
Obrazkowy Odpowiedź % Poprawnych
Baku
88%
Spa-Francorchamps
85%
Monaco
83%
Red Bull Ring
78%
Hungaroring
75%
Silverstone
72%
Sakhir
71%
Imola
69%
Circuit of the Americas
63%
Suzuka
63%
Jeddah
62%
Gilles Villeneuve
55%
Catalunya
51%
Marina Bay
50%
Albert Park
40%
Zandvoort
40%
Nie znaleziono quizów pasujących do podanych kryteriów
Rozkład punktacji
Procent ludzi z każdym wynikiem
Percentyl według liczby udzielonych odpowiedzi
Twoja historia wyników
Nie rozwiązałeś tego quizu od ostatniego zresetowania